000 00703nam a2200217 a 4500
999 _c2741
_d2741
001 2741
003 BD-JhCC
005 20171106170517.0
008 171106s1963 bg ||||| |||| 00| 0 ben d
035 _a(BD-JhCC)2741
040 _aBD-JhCC
_dBD-JhCC
041 _aben
082 _a891.4435
_bMAH 1963
100 _aমুদুররহমান, মাহ, সৈয়দ
245 _aইতিহাসের শ্রেষ্ঠ গল্প /
_cসৈয়দ মাহ মুদুররহমান
260 _aঢাকা :
_bআলম পাব্লিকেশনস,
_c১৯৬৩
300 _a127 p. :
_c18cm.
650 _aShort stories
942 _2ddc
_cBK